| 000 | 00967 a2200193 4500 | ||
|---|---|---|---|
| 003 | NUST | ||
| 005 | 20251124183359.0 | ||
| 040 | _cNust | ||
| 082 | _a621.382,ANJ | ||
| 100 |
_aAnjum, Ali (TE-45/TCC-20) _9131487 |
||
| 245 |
_aElectrical Energy harvesting Using Solar Radiations / _cAli Anjum, Jawad Khalid, Mehreen Rehman & Sidra Javed TE-45/TCC-20 |
||
| 260 |
_bRawalpindi _aMCS (NUST) _c2012 |
||
| 300 | _axiii,53 p.; | ||
| 505 | _aIntroduction (Page-1), Material Selection (Page-6), Software Simulation of Solar Antenna (Single and Serial Array) (Page-10), Software Simulation of Solar Electrical Power Combiner (Page-16), Hardware Fabrication of Simulation Solar Antenna Models at CMND (Page-25), Testing Antenna and Comparation of Research Work (Page-39), Conclusion and Future Work (Page-47), References (Page-53). | ||
| 650 |
_aUG Projects _998716 |
||
| 651 |
_aTE-45/TCC-20 _9131488 |
||
| 700 |
_aSupervised by Dr. Naveed Rao _9132051 |
||
| 942 |
_cPR _2ddc |
||
| 999 |
_c190737 _d190737 |
||